1731 1021 1132 1973 1881 1794 1299 1988 1777 1450 1025 1472 1676 1233 1989 1550 1593 1800 1380 1631 1895 1198 1602 1926 1047 1054 1067 1165 1558 1374 1987 1266 1495 1305 1838 1134 1361 1925 1519 1340 1227 1638 1922 1036 1203 1026 1334 1769 1359 1704 1010 1928 1171 1333 1703 1256 1069 1223 1699 1471 1671 1091 1791 1834 1934 1346 1376 1315 1126 1238 1323 1759 1389 1382 1243 1991 1351 1919 1941 1292 1290 1819 1913 1213 1784 1868 1946 1498 1609 1424 1734 1767 1495 1227 1438 1310 1156 1394 1263 BCNSPRNW ULIB Ver.6.0+V

เปลี่ยนเป็นภาษาไทย

Change to English
 แสดงรายละเอียดบรรณานุกรม
  กลับหน้าหลัก

Brief Record : Get Marc (ISO 2709) : E-mail record : QR code < ปิดหน้าต่าง
LEADER : 00000nam 2200000uu 4500
001    13399107972
003     ULIB
008    110211s2551||||th 000 0 tha d
020    9745861022
060 04 WY157.6^bว272ก 2551
245 00 การพยาบาลผู้ป่วยออร์โธปิดิกส์ /^cวรรณี สัตยวิวัฒน์,บรรณาธิการ
250    พิมพ์ครั้งที่ 6
260    กรุงเทพฯ :^bเอ็นพีเพรส,^c2551
300    650 หน้า :^bภาพประกอบ ;^c21 ซม.
504    มีดัชนี
650  7 กระดูก, โรค
650  7 การพยาบาลศัลยศาสตร์
650  7 ศัลยกรรมกระดูก^xการพยาบาล
700 0  วรรณี สัตยวิวัฒน์,^eบรรณาธิการ
945    ^p0^l0^i025219
945    ^p0^l0^i025217
945    ^p0^l0^i025215
945    ^p0^l0^i025213
945    ^p0^l0^i025218
945    ^p0^l0^i025216
945    ^p0^l0^i025214
995    ทศพร
999 ^a ใช้งานได้ทุกระบบ
รายการนี้ยังไม่มีแท็ก
คุณยังไม่ได้ล็อกอิน คุณสามารถมีกิจกรรมร่วมกับเว็บไซต์ได้ แต่ต้องล็อกอินก่อน ::
  ล็อกอิน

รายการสื่อสารสนเทศ

ลำดับที่ ประเภท เลขเรียก/บาร์โค้ด สถานที่ สถานะ
- ไม่พบข้อมูล -

รายการใกล้เคียง
    หัวเรื่อง [กระดูก, โรค]
    หัวเรื่อง [การพยาบาลศัลยศาสตร์]

BibComment


ยังไม่เคยถูกคอมเมนท์

คอมเมนท์ทรัพยากรรายการนี้
  คอมเมนท์: การพยาบาลผู้ป่วยอ..


 Copyright 2026. Bcnsprnw @Library